Score 0/8 Timer 04:00
0 Plays Today
Year Novel % Correct
1862 Les Misérables‎
91.5%
1831 The Hunchback of Notre-Dame
83.6%
1869 The Man Who Laughs
20.8%
1874 Ninety-Three
19.9%
1866 Toilers of the Sea
17.3%
1829 The Last Day of a Condemned Man
17.2%
1826 Bug-Jargal
12.3%
1877 The History of a Crime
11.1%
Remove Ads.
Support Sporcle.
Get the best of Sporcle when you Go Orange. This ad-free experience offers more features, more stats, and more fun while also helping to support Sporcle. Thank you for becoming a member.

You're not logged in!

Compare scores with friends on all Sporcle quizzes.
OR
Log In

Show Comments

Extras

Top Quizzes Today


Score Distribution

Your Account Isn't Verified!

In order to create a playlist on Sporcle, you need to verify the email address you used during registration. Go to your Sporcle Settings to finish the process.

Report this User

Report this user for behavior that violates our Community Guidelines.

Details: